00829cam a22002411 4500001001300000003000400013005001700017008004100034010001700075035001900092040001900111042001200130050001600142100003800158245005800196260008200254300004100336410008200377500005100459504003100510650002900541999001700570gs 32000031 DLC20260227111336.0750929s1931 ctua b s001 0 eng  ags 32000031  a(OCoLC)1661438 aDLCcCtHTdDLC apremarc00aQE375b.S271 aSchairer, John Frank,d1904-1970.14aThe minerals of Connecticut,cby John Frank Schairer. aHartford,bPrinted by the State Geological and Natural History Survey,c1931. a121 p. incl. illus., tables.c25 cm.20aState Geological and Natural History Survey of Connecticut.tBulletinvno. 51 aState of Connecticut. Public document no. 47. aBibliography: p.[113]-117. 0aMineralogyzConnecticut. c26934d26934